[Event "European Youth Chess Championship G10"]
[Site "Prague, Top Hotel Prague"]
[Date "2016.08.27"]
[Round "9.50"]
[White "Lappi, Aurora"]
[Black "Kaliontzaki, Argyro Evanthia"]
[Result "1/2-1/2"]
[WhiteElo "1372"]
[BlackElo "1037"]
[PlyCount "81"]
[EventDate "2016.08.18"]

1. d4 d5 2. c4 dxc4 3. e3 e6 4. Bxc4 Nf6 5. Nf3 a6 6. a4 Bd6 7. O-O O-O 8. b3
Bd7 9. Nc3 c5 10. Ba3 Qb6 11. Bb2 Bc6 12. a5 Qc7 13. dxc5 Bxc5 14. Qc2 Ng4 15.
e4 Bb4 16. Nd5 exd5 17. Bxd5 Bxa5 18. Qc1 h6 19. Qc4 Bxd5 20. Qxd5 Bb6 21. Rfc1
Qe7 22. Qf5 Nf6 23. e5 Nh7 24. Ba3 Qe6 25. Qxe6 fxe6 26. Bxf8 Nxf8 27. Rc8 Kf7
28. Rc4 Nc6 29. Rf4+ Ke7 30. h4 Ng6 31. Re4 Bc7 32. h5 Nf8 33. Rg4 Kf7 34. Rd1
Nxe5 35. Rf4+ Ke7 36. Nxe5 Bxe5 37. Re4 Bd6 38. Rde1 e5 39. f4 Nd7 40. Ra4 Rf8
41. g3 1/2-1/2

[Event "European Youth Chess Championship G12"]
[Site "Prague, Top Hotel Prague"]
[Date "2016.08.18"]
[Round "1.1"]
[White "Krasteva, Beloslava"]
[Black "Tryggestad, Linnea Garberg"]
[Result "1/2-1/2"]
[WhiteElo "1996"]
[BlackElo "1528"]
[PlyCount "104"]
[EventDate "2016.??.??"]

1. d4 Nf6 2. c4 g6 3. Nc3 d5 4. Nf3 Bg7 5. Bg5 c6 6. e3 O-O 7. cxd5 Nxd5 8.
Nxd5 cxd5 9. Bd3 Nc6 10. O-O Qb6 11. Qd2 Bg4 12. Be2 e6 13. Rac1 Rac8 14. h3
Bxf3 15. Bxf3 Qa5 16. Qxa5 Nxa5 17. b3 Rfe8 18. Be2 a6 19. Bf4 Nc6 20. Bd6 Bf8
21. Bxf8 Kxf8 22. Rc5 Re7 23. Rfc1 Rec7 24. f3 Ke7 25. e4 Kd6 26. e5+ Kd7 27.
Rd1 Nb4 28. Rxc7+ Rxc7 29. a3 Nc2 30. a4 Rc3 31. Rd2 Ne3 32. Rd3 Rxd3 33. Bxd3
Nd1 34. Kf1 Nc3 35. Ke1 Na2 36. Kd2 Nb4 37. Be2 Kc7 38. f4 h5 39. g4 hxg4 40.
hxg4 Nc6 41. Kc3 a5 42. Bb5 Kb6 43. Bxc6 Kxc6 44. b4 b6 45. bxa5 bxa5 46. Kd3
Kd7 47. Ke3 Ke7 48. f5 g5 49. Kf3 Kd7 50. Kg3 Ke7 51. Kf3 Kd7 52. Kg3 Ke7
1/2-1/2

[Event "European Youth Chess Championship G12"]
[Site "Prague, Top Hotel Prague"]
[Date "2016.08.18"]
[Round "1.2"]
[White "Skigelstrand, Live Jorgensen"]
[Black "Caglar, Sila"]
[Result "0-1"]
[WhiteElo "1525"]
[BlackElo "1983"]
[PlyCount "38"]
[EventDate "2016.??.??"]

1. d4 Nf6 2. c4 g6 3. Nc3 Bg7 4. e4 d6 5. Bd3 O-O 6. Nge2 c5 7. d5 e6 8. O-O
exd5 9. cxd5 a6 10. a4 Qc7 11. b3 Re8 12. f3 Nbd7 13. Bb2 Ne5 14. Ng3 c4 15.
bxc4 Qb6+ 16. Rf2 Nfg4 17. fxg4 Nxg4 18. Qxg4 Bxg4 19. Raf1 Bd4 0-1

[Event "European Youth Chess Championship G12"]
[Site "Prague, Top Hotel Prague"]
[Date "2016.08.18"]
[Round "1.3"]
[White "Juhasz, Judit"]
[Black "Zarebska, Lena"]
[Result "1-0"]
[WhiteElo "1927"]
[BlackElo "1522"]
[PlyCount "81"]
[EventDate "2016.??.??"]

1. e4 c5 2. Nf3 Nc6 3. d4 cxd4 4. Nxd4 g6 5. c4 Nf6 6. Nc3 d6 7. Be2 Nxd4 8.
Qxd4 Bg7 9. O-O O-O 10. Qd1 Be6 11. f3 Qb6+ 12. Kh1 Rfc8 13. Nd5 Bxd5 14. exd5
Nd7 15. Rb1 h6 16. f4 Nc5 17. Be3 Qb4 18. Rf3 a6 19. a3 Qa4 20. b3 Qd7 21. f5
g5 22. h4 Ne4 23. Bd4 g4 24. Rf4 Ng3+ 25. Kh2 Nxe2 26. Qxe2 h5 27. Bxg7 Kxg7
28. f6+ exf6 29. Qb2 g3+ 30. Kxg3 Qe7 31. Rbf1 Qe3+ 32. R1f3 Qe1+ 33. Kh2 Qe5
34. Qxe5 fxe5 35. Rxf7+ Kg8 36. Rxb7 Rcb8 37. Rd7 Rd8 38. Rdf7 Re8 39. R7f5 e4
40. Rg3+ Kh7 41. Rxh5# 1-0

[Event "European Youth Chess Championship G12"]
[Site "Prague, Top Hotel Prague"]
[Date "2016.08.18"]
[Round "1.4"]
[White "Kasaeva, Sofiia"]
[Black "Garifullina, Leya"]
[Result "1/2-1/2"]
[WhiteElo "1514"]
[BlackElo "1906"]
[PlyCount "65"]
[EventDate "2016.??.??"]

1. e4 c5 2. Nf3 d6 3. d4 cxd4 4. Nxd4 Nf6 5. Nc3 a6 6. Be2 e5 7. Nb3 Be6 8. O-O
Be7 9. Bg5 Nbd7 10. Bf3 h6 11. Be3 O-O 12. Nc1 Rc8 13. Nd3 Nb6 14. Bxb6 Qxb6
15. Rb1 Rfd8 16. Kh1 Qc7 17. Nb4 Qa5 18. a3 Bc4 19. Be2 Be6 20. Qd2 d5 21. exd5
Nxd5 22. Nbxd5 Bxd5 23. Qe3 Bg5 24. Qg3 Bf4 25. Qh3 Bc6 26. Bd3 g6 27. Bxg6
fxg6 28. Qe6+ Kf8 29. Qf6+ Ke8 30. Qe6+ Kf8 31. Qf6+ Kg8 32. Qe6+ Kh7 33. Qf7+
1/2-1/2

[Event "European Youth Chess Championship G12"]
[Site "Prague, Top Hotel Prague"]
[Date "2016.08.18"]
[Round "1.5"]
[White "Allahverdiyeva, Ayan"]
[Black "Desai, Nilomi"]
[Result "1-0"]
[WhiteElo "1886"]
[BlackElo "1511"]
[PlyCount "65"]
[EventDate "2016.??.??"]

1. e4 c6 2. d4 d5 3. e5 Bf5 4. Nc3 e6 5. g4 Bg6 6. Nge2 h6 7. h4 c5 8. Be3 Nd7
9. Qd2 Ne7 10. h5 Bh7 11. f4 Nc6 12. Bg2 Be7 13. O-O-O a6 14. f5 cxd4 15. Nxd4
Nxd4 16. Bxd4 Bg5 17. Be3 Nxe5 18. Bxg5 Qxg5 19. Qxg5 hxg5 20. fxe6 fxe6 21.
Rhe1 Nxg4 22. Rxe6+ Kf8 23. Rf1+ Nf6 24. h6 Bg8 25. hxg7+ Kxg7 26. Rexf6 Rd8
27. R6f5 Kg6 28. Nxd5 Rd7 29. Be4 Bxd5 30. Rxd5+ Kg7 31. Rxg5+ Kh6 32. Rg6+ Kh7
33. Rh1# 1-0

[Event "European Youth Chess Championship G12"]
[Site "Prague, Top Hotel Prague"]
[Date "2016.08.18"]
[Round "1.6"]
[White "Bolu, Yagmur"]
[Black "Lehaci, Miruna-Daria"]
[Result "0-1"]
[WhiteElo "1510"]
[BlackElo "1860"]
[PlyCount "72"]
[EventDate "2016.??.??"]

1. d4 Nf6 2. Bf4 e6 3. Nf3 b6 4. e3 Bb7 5. h3 Be7 6. Bd3 d6 7. Nbd2 c5 8. c3
cxd4 9. cxd4 Nc6 10. Be2 O-O 11. O-O Qb8 12. Rc1 e5 13. dxe5 dxe5 14. Bh2 Rd8
15. Qb3 Bd6 16. Nc4 Bc7 17. Rfd1 Nd7 18. a3 Nc5 19. Qa2 e4 20. Rxd8+ Qxd8 21.
Nfe5 Bxe5 22. Nxe5 Nxe5 23. Bxe5 Qd2 24. Rxc5 bxc5 25. Qc4 a5 26. Qb5 Qd5 27.
Bc4 Qxe5 28. Qxb7 Rd8 29. Qxf7+ Kh8 30. Bb3 Qxb2 31. a4 Rb8 32. Bd5 Qe5 33. g3
Qf6 34. Qc7 Rb1+ 35. Kg2 Qf3+ 36. Kh2 Rh1# 0-1

[Event "European Youth Chess Championship G12"]
[Site "Prague, Top Hotel Prague"]
[Date "2016.08.18"]
[Round "1.7"]
[White "Guillo, Longares Cecilia"]
[Black "Khachatryan, Nadezhda"]
[Result "0-1"]
[WhiteElo "1845"]
[BlackElo "1507"]
[PlyCount "36"]
[EventDate "2016.??.??"]

1. d4 d5 2. c4 Nc6 3. Nf3 Bg4 4. e3 e5 5. dxe5 dxc4 6. Qa4 Bxf3 7. gxf3 Qd5 8.
e4 Qxe5 9. Bxc4 O-O-O 10. Nc3 Qh5 11. Be2 Bc5 12. Bf4 Nd4 13. Nd5 Nxf3+ 14.
Bxf3 Qxf3 15. Rf1 Nf6 16. Be3 Nxd5 17. Bxc5 Nf4 18. Qb5 Ng2# 0-1

[Event "European Youth Chess Championship G12"]
[Site "Prague, Top Hotel Prague"]
[Date "2016.08.18"]
[Round "1.8"]
[White "Maciulaityte, Barbora"]
[Black "Ziegenfuss, Antonia"]
[Result "0-1"]
[WhiteElo "1505"]
[BlackElo "1829"]
[PlyCount "78"]
[EventDate "2016.??.??"]

1. e4 e5 2. Nf3 Nc6 3. Bb5 a6 4. Ba4 Nf6 5. d3 d6 6. c3 Be7 7. O-O O-O 8. Nbd2
b5 9. Bb3 Bg4 10. h3 Bd7 11. Re1 h6 12. Nf1 Re8 13. Ng3 Na5 14. Bc2 c5 15. d4
Qc7 16. d5 Nc4 17. Nd2 Nb6 18. Ndf1 a5 19. Ne3 g6 20. Bd3 c4 21. Be2 Bf8 22.
Ng4 Nxg4 23. Bxg4 Bg7 24. Be3 Na4 25. Rb1 b4 26. Bd2 Bxg4 27. Qxg4 Nc5 28. Ne2
Reb8 29. Red1 Rb7 30. Be3 Na4 31. Rdc1 Qb8 32. Rc2 bxc3 33. Nxc3 Nxb2 34. Ne2
a4 35. Bc1 a3 36. Rc3 Ra4 37. Qf3 Qa7 38. Ng3 f5 39. exf5 e4 0-1

[Event "European Youth Chess Championship G12"]
[Site "Prague, Top Hotel Prague"]
[Date "2016.08.18"]
[Round "1.9"]
[White "Anghel, Maria"]
[Black "Vozarova, Adriana"]
[Result "1-0"]
[WhiteElo "1821"]
[BlackElo "1500"]
[PlyCount "77"]
[EventDate "2016.08.18"]

1. d4 d5 2. Nf3 e6 3. c4 c6 4. Qc2 Nf6 5. Nbd2 Nbd7 6. a3 Bd6 7. e4 e5 8. exd5
cxd5 9. c5 Bb8 10. c6 bxc6 11. dxe5 Bxe5 12. Qxc6 O-O 13. Bd3 Rb8 14. Qc2 Re8
15. O-O Qb6 16. Nxe5 Nxe5 17. Be2 Nc6 18. Nf3 Rxe2 19. Qxe2 Ba6 20. Qd1 Bxf1
21. Qxf1 Ne4 22. b4 Qc7 23. Be3 Ne5 24. Nxe5 Qxe5 25. Bxa7 Ra8 26. Bc5 Qb2 27.
a4 Qc3 28. Rc1 Qb2 29. h3 Nc3 30. Re1 Qc2 31. a5 Ne4 32. Rc1 Qb2 33. a6 h6 34.
Be3 Qxb4 35. a7 Qa5 36. Rb1 Qc7 37. Qb5 Nd6 38. Qb8+ Rxb8 39. axb8=Q+ 1-0

[Event "European Youth Chess Championship G12"]
[Site "Prague, Top Hotel Prague"]
[Date "2016.08.18"]
[Round "1.10"]
[White "Maione, Melissa"]
[Black "Yakimova, Mariya"]
[Result "1/2-1/2"]
[WhiteElo "1494"]
[BlackElo "1818"]
[PlyCount "136"]
[EventDate "2016.08.18"]

1. e4 c5 2. Nc3 d6 3. Bc4 Nf6 4. f4 Nc6 5. Nf3 e6 6. O-O Be7 7. d3 O-O 8. Qe1
d5 9. Bb3 d4 10. Ne2 b5 11. Ng3 a5 12. a4 Nb4 13. axb5 Bd7 14. Bd2 Bxb5 15.
Bxb4 axb4 16. Qd2 Ng4 17. Rfe1 Ne3 18. Nf1 Bd6 19. e5 Nxf1 20. Rxf1 Be7 21. Qe2
Qd7 22. Nd2 Ra7 23. Ra2 Rfa8 24. Rfa1 Rxa2 25. Rxa2 Rxa2 26. Bxa2 Qa7 27. Bc4
Bxc4 28. Nxc4 Qa1+ 29. Qf1 Qa4 30. Qd1 h6 31. b3 Qa2 32. Qc1 g5 33. g3 Kg7 34.
Kg2 Qa8+ 35. Kf2 gxf4 36. Qxf4 Bg5 37. Qf3 Qa2 38. Qe2 Qb1 39. Kg2 Qc1 40. Kf3
Qh1+ 41. Qg2 Qd1+ 42. Qe2 Qb1 43. h4 Be7 44. Ke4 Qh1+ 45. Kf4 Qc1+ 46. Kf3 h5
47. Kg2 Kg6 48. Qf2 Qd1 49. Nb2 Qg4 50. Kf1 Qf5 51. Nc4 Qxf2+ 52. Kxf2 f6 53.
Kf3 fxe5 54. Ke4 Kf6 55. Nxe5 Bd6 56. Nd7+ Ke7 57. Ne5 Kf6 58. Nd7+ Kg6 59.
Ne5+ Kg7 60. g4 hxg4 61. Nxg4 Kg6 62. Ne5+ Kf6 63. Nd7+ Kg6 64. Ne5+ Kf6 65.
Nd7+ Kg6 66. Ne5+ Kf6 67. Nd7+ Kg6 68. Ne5+ Kf6 1/2-1/2

[Event "European Youth Chess Championship G12"]
[Site "Prague, Top Hotel Prague"]
[Date "2016.08.18"]
[Round "1.11"]
[White "Wikar, Martyna"]
[Black "Scarpa, Alessandra"]
[Result "1/2-1/2"]
[WhiteElo "1803"]
[BlackElo "1492"]
[PlyCount "122"]
[EventDate "2016.08.18"]

1. e4 c6 2. d4 d5 3. e5 c5 4. Nf3 Bg4 5. Be2 Nc6 6. dxc5 e6 7. Bf4 Bxc5 8. O-O
Nge7 9. Bg3 Ng6 10. Re1 Bxf3 11. Bxf3 Bd4 12. c3 Bxe5 13. Bxe5 Ncxe5 14. Qa4+
Qd7 15. Qxd7+ Kxd7 16. Nd2 Nd3 17. Re3 Nc5 18. b4 Na6 19. c4 Ne7 20. cxd5 Nxd5
21. Bxd5 exd5 22. b5 Nc7 23. Nb3 b6 24. Rd1 Rae8 25. Rf3 f6 26. Nd4 Re4 27. Rg3
Rg8 28. h3 g6 29. Rc3 Rge8 30. Rcc1 f5 31. Kf1 a6 32. Rb1 axb5 33. Nxb5 R4e5
34. g3 Ra8 35. a3 Nxb5 36. Rxb5 Kc6 37. Rdb1 Ra6 38. R1b3 Re4 39. h4 Rea4 40.
Ke2 Rxa3 41. Rxb6+ Rxb6 42. Rxa3 Rb7 43. Ra8 Rd7 44. Kd3 Kd6 45. Kd4 Ke7 46.
Ra5 Ke6 47. Ra6+ Kf7 48. Ra5 Kg7 49. Rxd5 Rxd5+ 50. Kxd5 Kh6 51. Ke6 Kh5 52. f3
Kh6 53. Kf6 Kh5 54. Ke5 Kh6 55. g4 fxg4 56. fxg4 Kg7 57. Ke6 Kf8 58. Kf6 Kg8
59. Ke7 Kg7 60. g5 Kg8 61. Ke8 Kg7 1/2-1/2

[Event "European Youth Chess Championship G12"]
[Site "Prague, Top Hotel Prague"]
[Date "2016.08.18"]
[Round "1.12"]
[White "Basovskiy, Jana"]
[Black "Levitan, Ronit"]
[Result "0-1"]
[WhiteElo "1488"]
[BlackElo "1793"]
[PlyCount "48"]
[EventDate "2016.08.18"]

1. e4 e5 2. Nf3 Nc6 3. Bc4 Bc5 4. c3 Nf6 5. d4 exd4 6. e5 d5 7. Bb5 Ne4 8. cxd4
Bb6 9. Nc3 O-O 10. O-O Bg4 11. Bxc6 bxc6 12. Be3 f5 13. Re1 f4 14. Bc1 Ng5 15.
Kh1 Qe8 16. Qd3 Bxf3 17. gxf3 Qh5 18. Rg1 Nxf3 19. Rg2 Ne1 20. Qf1 Nxg2 21.
Qxg2 Rf5 22. Bd2 Rg5 23. Qf1 Qf3+ 24. Qg2 Qxg2# 0-1

[Event "European Youth Chess Championship G12"]
[Site "Prague, Top Hotel Prague"]
[Date "2016.08.18"]
[Round "1.13"]
[White "Dylag, Emilia"]
[Black "Hertlein, Irena"]
[Result "1-0"]
[WhiteElo "1792"]
[BlackElo "1488"]
[PlyCount "97"]
[EventDate "2016.08.18"]

1. d4 Nf6 2. c4 g6 3. Nc3 Bg7 4. e4 d6 5. Nf3 O-O 6. h3 Nbd7 7. Bg5 h6 8. Be3
e5 9. d5 Kh7 10. g4 Ng8 11. Rg1 Nc5 12. b4 Na6 13. a3 f5 14. gxf5 gxf5 15. h4
fxe4 16. Nxe4 Nf6 17. Bd3 Kh8 18. Nxf6 Qxf6 19. Rg3 Qe7 20. Be4 Bf5 21. Qd3 Qf7
22. Bxf5 Qxf5 23. Qxf5 Rxf5 24. Rd1 Raf8 25. Ke2 Nb8 26. Rdg1 R5f7 27. Bxa7 b6
28. Bxb8 Rxb8 29. Nd2 Rbf8 30. R1g2 Ra8 31. Ne4 Rf4 32. Nd2 Rf7 33. Rh3 Rf4 34.
Rgg3 Rf7 35. Rf3 Raf8 36. Rxf7 Rxf7 37. Rf3 Kg8 38. Rxf7 Kxf7 39. Kf3 h5 40. a4
e4+ 41. Nxe4 Kg6 42. a5 bxa5 43. bxa5 Bd4 44. a6 Kf5 45. c5 dxc5 46. a7 c4 47.
a8=Q c3 48. Qc6 Ke5 49. Qe6# 1-0

[Event "European Youth Chess Championship G12"]
[Site "Prague, Top Hotel Prague"]
[Date "2016.08.18"]
[Round "1.14"]
[White "Sleurs, Juliette"]
[Black "Stepanyan, Eva"]
[Result "0-1"]
[WhiteElo "1479"]
[BlackElo "1780"]
[PlyCount "50"]
[EventDate "2016.08.18"]

1. Nf3 Nf6 2. g3 b6 3. Bg2 Bb7 4. O-O e6 5. b3 Be7 6. Bb2 O-O 7. c4 c5 8. d4 d5
9. Ne5 Na6 10. dxc5 Nxc5 11. cxd5 Nxd5 12. Nc3 Nxc3 13. Bxc3 Qc7 14. Bxb7 Qxb7
15. Nc4 Rfd8 16. Qc2 Ne4 17. Rac1 Rac8 18. a4 a6 19. Qb2 b5 20. axb5 axb5 21.
Nd2 Ba3 22. Qxa3 Nxc3 23. Rxc3 Rxc3 24. Ra1 Rxd2 25. Qa8+ Qc8 0-1

[Event "European Youth Chess Championship G12"]
[Site "Prague, Top Hotel Prague"]
[Date "2016.08.18"]
[Round "1.15"]
[White "Mironenko, Galina"]
[Black "Dimitrijevic, Andjela"]
[Result "1/2-1/2"]
[WhiteElo "1769"]
[BlackElo "1468"]
[PlyCount "97"]
[EventDate "2016.08.18"]

1. e4 e5 2. Nf3 Nc6 3. Bb5 a6 4. Ba4 Nf6 5. Qe2 b5 6. Bb3 Bc5 7. c3 d6 8. d3
Bd7 9. O-O O-O 10. h3 h6 11. Rd1 Bb6 12. Nbd2 Na5 13. Bc2 c5 14. Nf1 Bc8 15.
Ng3 Qc7 16. Nh4 Nc6 17. Qf3 Ne7 18. Bxh6 Ng6 19. Bg5 Nh7 20. Qh5 Nxh4 21. Bxh4
Be6 22. Rd2 f6 23. Nf5 Qd7 24. Qg6 Bxf5 25. exf5 d5 26. Bb3 Rfd8 27. Rad1 Qf7
28. Qg4 Kf8 29. Qg6 Kg8 30. Re1 Qxg6 31. fxg6 Nf8 32. Bg3 Nxg6 33. d4 cxd4 34.
Red1 Kf8 35. cxd4 Bxd4 36. Kh2 Rac8 37. h4 Ne7 38. Rf1 Nf5 39. Kh3 Nxg3 40.
Kxg3 Rc5 41. Kg4 Kf7 42. g3 g6 43. f4 f5+ 44. Kh3 Kf6 45. Rfd1 Ke6 46. Re2 Kf6
47. Red2 Ke6 48. Re2 Kf6 49. Red2 1/2-1/2

[Event "European Youth Chess Championship G12"]
[Site "Prague, Top Hotel Prague"]
[Date "2016.08.18"]
[Round "1.16"]
[White "Pipiras, Filipa Fortuna"]
[Black "Kirchei, Viktoriia"]
[Result "1/2-1/2"]
[WhiteElo "1468"]
[BlackElo "1767"]
[PlyCount "72"]
[EventDate "2016.08.18"]

1. d4 d5 2. c4 e6 3. Nc3 c6 4. cxd5 exd5 5. Qc2 Bd6 6. Nf3 h6 7. e3 Nf6 8. Bd3
Qe7 9. O-O Bg4 10. Nd2 O-O 11. a3 Bc7 12. b4 a6 13. Re1 Qd6 14. Nf1 Nbd7 15.
Bd2 Rfe8 16. Reb1 Bh5 17. h3 Nf8 18. a4 Bg6 19. Bxg6 fxg6 20. b5 axb5 21. axb5
Rxa1 22. Rxa1 c5 23. dxc5 Qxc5 24. Qa2 Kh8 25. Qa7 Qxa7 26. Rxa7 Rb8 27. Na4
N8d7 28. Ba5 Bxa5 29. Rxa5 b6 30. Ra7 Ne5 31. Nd2 Nd3 32. Ra6 Nd7 33. Nc3 Nf6
34. Na4 Nd7 35. Nc3 Nf6 36. Na4 Nd7 1/2-1/2

[Event "European Youth Chess Championship G12"]
[Site "Prague, Top Hotel Prague"]
[Date "2016.08.18"]
[Round "1.17"]
[White "Somton, Anita"]
[Black "Ramaiya, Arushi"]
[Result "1-0"]
[WhiteElo "1753"]
[BlackElo "1468"]
[PlyCount "87"]
[EventDate "2016.08.18"]

1. d4 Nf6 2. c4 e6 3. g3 d5 4. Bg2 b6 5. Nc3 Bb7 6. Bg5 Be7 7. e3 O-O 8. Bxf6
Bxf6 9. cxd5 Bxd5 10. Nxd5 exd5 11. Qb3 c6 12. Ne2 Qd6 13. O-O Nd7 14. Rac1 a5
15. Nc3 Qb4 16. Qc2 Rfd8 17. Rfd1 Nf8 18. a3 Qd6 19. Na4 b5 20. Nc5 Qe7 21. Rd3
Rd6 22. Rc3 Rc8 23. Bh3 Ne6 24. Nxe6 fxe6 25. Rc5 Qb7 26. Bf1 Rb8 27. b3 b4 28.
a4 Rc8 29. Rxa5 Bd8 30. Ra6 Bb6 31. a5 Bd8 32. Qc5 Qb8 33. Ra7 Bc7 34. Ra6 Bd8
35. Ra1 Be7 36. Rb6 Qa7 37. Qxb4 Rd7 38. Qa4 Bd8 39. Rxc6 Rxc6 40. Qxc6 Re7 41.
b4 Qb8 42. b5 Qa7 43. b6 Qa6 44. Bxa6 1-0

[Event "European Youth Chess Championship G12"]
[Site "Prague, Top Hotel Prague"]
[Date "2016.08.18"]
[Round "1.18"]
[White "Koksa, Jelena"]
[Black "Tamrazyan, Gohar"]
[Result "1/2-1/2"]
[WhiteElo "1463"]
[BlackElo "1741"]
[PlyCount "88"]
[EventDate "2016.08.18"]

1. e4 e6 2. d4 d5 3. Nd2 dxe4 4. Nxe4 Nd7 5. Bd3 Ngf6 6. Nf3 Nxe4 7. Bxe4 Nf6
8. Bd3 c5 9. dxc5 Bxc5 10. Bb5+ Bd7 11. Bxd7+ Qxd7 12. Qxd7+ Nxd7 13. O-O O-O
14. b3 Rfd8 15. Bb2 Rac8 16. c4 a6 17. Rac1 b5 18. cxb5 axb5 19. Rfd1 b4 20.
Ba1 Bb6 21. h3 Rxc1 22. Rxc1 Ra8 23. Rc2 f6 24. Bd4 e5 25. Bxb6 Nxb6 26. Nd2
Nd5 27. Nb1 Kf7 28. Kf1 Ke6 29. g3 e4 30. Ke2 Ke5 31. a4 bxa3 32. Ra2 Rc8 33.
Kd1 Nb4 34. Rxa3 Nd3 35. Ke2 Rc2+ 36. Nd2 Nxf2 37. Ra5+ Kd4 38. Ra4+ Kc3 39.
Rc4+ Kb2 40. Rxc2+ Kxc2 41. b4 Nd3 42. b5 Nc5 43. b6 f5 44. Nc4 Nb7 1/2-1/2

[Event "European Youth Chess Championship G12"]
[Site "Prague, Top Hotel Prague"]
[Date "2016.08.18"]
[Round "1.19"]
[White "Sovina, Maria"]
[Black "Qasem, Huda"]
[Result "1-0"]
[WhiteElo "1740"]
[BlackElo "1459"]
[PlyCount "103"]
[EventDate "2016.08.18"]

1. d4 Nf6 2. c4 e6 3. Nc3 Bb4 4. e3 Bxc3+ 5. bxc3 c5 6. Bd3 Nc6 7. Ne2 d6 8.
O-O O-O 9. Rb1 b6 10. Qc2 e5 11. Rd1 Qe7 12. d5 Na5 13. e4 Ba6 14. Ng3 Bxc4 15.
Bxc4 Nxc4 16. Qd3 Na5 17. Nf5 Qd7 18. Bh6 g6 19. Bxf8 gxf5 20. Bh6 fxe4 21. Qe3
Qg4 22. h3 Qg6 23. Qg5 Nc4 24. g4 Rb8 25. a4 a6 26. Rb3 b5 27. Kf1 Nb6 28. axb5
c4 29. Rbb1 a5 30. Ra1 a4 31. Ra3 Nbxd5 32. Qxg6+ hxg6 33. g5 Rxb5 34. gxf6 Rb3
35. Rxa4 Nxc3 36. Ra8+ Kh7 37. Bg7 g5 38. Rc1 Rb1 39. Rxb1 Nxb1 40. Ra1 Nd2+
41. Ke1 Nb3 42. Rb1 d5 43. Bf8 d4 44. Bd6 d3 45. Bxe5 Nc5 46. Rb4 d2+ 47. Kxd2
Nd3 48. Rb5 Nxf2 49. Ke3 Nxh3 50. Kxe4 g4 51. Kf5 Nf2 52. Rc5 1-0

[Event "European Youth Chess Championship G12"]
[Site "Prague, Top Hotel Prague"]
[Date "2016.08.18"]
[Round "1.20"]
[White "Dgebuadze, Marie"]
[Black "Bilic, Marijana"]
[Result "1-0"]
[WhiteElo "1449"]
[BlackElo "1739"]
[PlyCount "109"]
[EventDate "2016.08.18"]

1. d4 Nf6 2. Nf3 e6 3. e3 a6 4. Bd3 c5 5. Nbd2 cxd4 6. exd4 b5 7. b3 Bb7 8. Bb2
Be7 9. Qe2 d6 10. O-O O-O 11. Ne4 Nbd7 12. Rfe1 h6 13. h3 Nd5 14. Qd2 N5f6 15.
Rad1 Qc7 16. Rc1 Qb6 17. Qd1 Kh8 18. Nfd2 Nd5 19. a3 Nf4 20. Bf1 Bc6 21. Qg4
Ng6 22. Qg3 e5 23. dxe5 Ndxe5 24. Be2 Bh4 25. Qc3 f5 26. Ng3 Rac8 27. Qd4 Qb7
28. Bf1 Rcd8 29. Ne2 a5 30. Nf4 Nxf4 31. Qxf4 Bg5 32. Qd4 Bf6 33. Qe3 Rde8 34.
Bxe5 dxe5 35. c4 Bg5 36. Qc3 bxc4 37. bxc4 Qa7 38. Rb1 e4 39. Nb3 Rd8 40. Red1
a4 41. Nd4 Bd7 42. Nb5 Qa8 43. Qb4 Bf6 44. Nc7 Qa7 45. Rxd7 Rxd7 46. Qxf8+ Kh7
47. Nd5 Rf7 48. Nxf6+ Rxf6 49. Qb4 e3 50. fxe3 Qxe3+ 51. Kh1 f4 52. Qe1 Qxa3
53. Qb4 Qg3 54. Qxa4 Rg6 55. Qb3 1-0

[Event "European Youth Chess Championship G12"]
[Site "Prague, Top Hotel Prague"]
[Date "2016.08.18"]
[Round "1.21"]
[White "Zeliantsova, Kseniya"]
[Black "Marthinussen, Emma Viktoria Li"]
[Result "1-0"]
[WhiteElo "1723"]
[BlackElo "1442"]
[PlyCount "117"]
[EventDate "2016.08.18"]

1. e4 e5 2. Nf3 Nc6 3. Bb5 a6 4. Ba4 b5 5. Bb3 Nf6 6. O-O Bc5 7. c3 d6 8. Re1
O-O 9. h3 h6 10. Bc2 Bb7 11. d4 Bb6 12. d5 Ne7 13. Nbd2 c6 14. dxc6 Nxc6 15.
Nf1 Qd7 16. Ng3 Ne7 17. Nh4 Rfd8 18. Ngf5 Nxf5 19. Nxf5 Rac8 20. Qf3 Qe8 21.
Nxh6+ gxh6 22. Qxf6 Kh7 23. Qxh6+ Kg8 24. Be3 Qf8 25. Qg5+ Qg7 26. Qxg7+ Kxg7
27. Bxb6 Rg8 28. Rad1 Rc6 29. Be3 Kf8 30. Bb3 Ke7 31. Bd5 Rc7 32. Bxb7 Rxb7 33.
Rd5 b4 34. cxb4 Rxb4 35. Re2 Rxe4 36. Bg5+ Ke6 37. Rxe4 Kxd5 38. Rg4 Rb8 39. b3
Rg8 40. Rg3 f5 41. h4 Rg6 42. Rd3+ Ke6 43. Rc3 Kd7 44. Rc4 f4 45. Ra4 Rg8 46.
Rxa6 Rc8 47. h5 Ke6 48. h6 Kf5 49. Be7 Ke6 50. Bxd6 Rh8 51. Bf8+ Kf7 52. Bg7
Rh7 53. Rf6+ Ke7 54. Rf5 Ke6 55. Rxe5+ Kf7 56. Rf5+ Ke6 57. Rxf4 Ke7 58. g4 Ke6
59. g5 1-0

[Event "European Youth Chess Championship G12"]
[Site "Prague, Top Hotel Prague"]
[Date "2016.08.18"]
[Round "1.22"]
[White "Villanyi, Alexia"]
[Black "Mkrtchyan, Mariam"]
[Result "0-1"]
[WhiteElo "1439"]
[BlackElo "1720"]
[PlyCount "100"]
[EventDate "2016.08.18"]

1. e4 c6 2. d4 d5 3. e5 Bf5 4. Nf3 e6 5. Be2 Nd7 6. O-O Ne7 7. Nbd2 Bg6 8. Nb3
Nf5 9. c3 Be7 10. Bf4 O-O 11. Rc1 Rc8 12. Re1 c5 13. c4 dxc4 14. Bxc4 cxd4 15.
Nbxd4 Nxd4 16. Nxd4 Nb6 17. Bb3 Rxc1 18. Bxc1 Bb4 19. Rf1 Qb8 20. Qg4 Bc5 21.
Nf3 Nd7 22. Bf4 Bb6 23. h4 h5 24. Qg3 Nc5 25. Ng5 Rd8 26. Nf3 Ne4 27. Qh2 a5
28. Ng5 Nc5 29. g4 Bd3 30. Re1 a4 31. Bd1 Qa7 32. Be3 Ba5 33. Qf4 Rd7 34. gxh5
Bxe1 35. h6 Bf5 36. Bg4 Nd3 37. Qc4 Qb8 38. Bxf5 exf5 39. e6 Ne5 40. h7+ Kh8
41. Nxf7+ Rxf7 42. Qd5 Rf8 43. e7 Re8 44. Bc5 Nc6 45. Qf7 Bb4 46. Be3 Bxe7 47.
Qxf5 Bf6 48. h5 Re5 49. Qg6 Qe8 50. Qg3 Qxh5 0-1

[Event "European Youth Chess Championship G12"]
[Site "Prague, Top Hotel Prague"]
[Date "2016.08.18"]
[Round "1.23"]
[White "Rzali, Sabina"]
[Black "Djordjevic, Nevena"]
[Result "1-0"]
[WhiteElo "1719"]
[BlackElo "1431"]
[PlyCount "105"]
[EventDate "2016.08.18"]

1. e4 e5 2. Nf3 Nc6 3. Bb5 a6 4. Ba4 Nf6 5. d3 d6 6. c3 Be7 7. O-O b5 8. Bb3
O-O 9. Nbd2 Na5 10. Bc2 c5 11. Re1 Re8 12. Nf1 Bf8 13. Ng3 g6 14. Be3 Nc6 15.
h3 Nb8 16. Qd2 Nbd7 17. Bg5 Bg7 18. Rad1 Qc7 19. Bh6 Nb6 20. Bxg7 Kxg7 21. Bb1
h6 22. Rc1 Be6 23. d4 Rad8 24. b3 c4 25. d5 Bc8 26. h4 Rg8 27. Kf1 Kh7 28. Ke2
Bg4 29. Qe3 Rc8 30. b4 Rg7 31. Kd2 Rcg8 32. Rh1 Qa7 33. Bc2 Nc8 34. Qxa7 Nxa7
35. Ke3 Rb8 36. a4 Rgg8 37. Ra1 Rb7 38. axb5 axb5 39. Ra6 Rd8 40. Rha1 Nc8 41.
Nd2 Ne8 42. f4 Nc7 43. R6a3 f6 44. Bd1 Bxd1 45. Rxd1 Nb6 46. h5 Na4 47. hxg6+
Kxg6 48. fxe5 fxe5 49. Nxc4 Nxc3 50. Nxe5+ dxe5 51. Rxc3 Ne6 52. Rc6 Re7 53.
Nf5 1-0

[Event "European Youth Chess Championship G12"]
[Site "Prague, Top Hotel Prague"]
[Date "2016.08.18"]
[Round "1.24"]
[White "Maresova, Michaela"]
[Black "Portnoy, Noam"]
[Result "0-1"]
[WhiteElo "1430"]
[BlackElo "1710"]
[PlyCount "74"]
[EventDate "2016.08.18"]

1. e4 c5 2. Nf3 Nc6 3. d4 cxd4 4. Nxd4 g6 5. Nc3 Bg7 6. Be3 Nf6 7. Bc4 O-O 8.
Bb3 d6 9. h3 Bd7 10. O-O Nxd4 11. Bxd4 Bc6 12. Re1 e5 13. Be3 Nxe4 14. Nxe4
Bxe4 15. Qd2 Qc7 16. c3 Bc6 17. Rad1 Rfd8 18. Bg5 Rd7 19. Bd5 Bxd5 20. Qxd5 Qc6
21. Rd2 Qxd5 22. Rxd5 f6 23. Bh4 Kf7 24. Red1 Ke6 25. Bg3 Rc8 26. f4 Rc6 27.
fxe5 fxe5 28. R5d3 Ra6 29. a3 Rb6 30. b4 Rc6 31. Rc1 d5 32. Rc2 d4 33. c4 e4
34. Rd1 d3 35. Rcc1 d2 36. Rc2 e3 37. Bf4 e2 0-1